[Event "San Francisco Mechanics"]
[Site "San Francisco"]
[Date "1998.07.10"]
[Round "1"]
[White "Soltis, Andrew E"]
[Black "Lobo, Richard"]
[Result "1-0"]
[WhiteElo "2410"]
[BlackElo "2310"]
[Annotator "Bangiev,A"]
[PlyCount "51"]
[EventDate "1998.07.10"]
[EventType "tourn"]
[EventRounds "9"]
[EventCountry "USA"]
[EventCategory "10"]
[SourceTitle "CBM 066"]
[Source "ChessBase"]
[SourceDate "1998.09.30"]
[SourceVersion "1"]
[SourceVersionDate "1998.09.30"]
[SourceQuality "1"]

1. e4 c5 2. Nc3 e6 3. Nge2 Nc6 (3... d6 4. g3 Nf6 5. Bg2 Be7 6. d3 Nc6 7. O-O
O-O 8. f4 Rb8 9. h3 Bd7 10. g4 b5 11. Ng3 Ne8 12. Be3 b4 13. Nce2 Qc8 14. f5
exf5 15. exf5 Bf6 16. Rb1 Qd8 17. Ne4 Be7 18. Nf4 g6 19. Nd5 gxf5 20. gxf5 f6
21. Bh6 Rf7 22. Qg4+ Ng7 23. Nxe7+ Qxe7 24. Ng3 Ne5 25. Qh4 Bc6 26. Bxc6 Nxc6
27. Rbe1 Ne5 28. Re3 d5 29. Bf4 Qc7 30. Bxe5 fxe5 31. f6 Ne8 32. Qg5+ Kh8 33.
Qxe5 Nd6 34. Nf5 Rg8+ 35. Kh1 Nxf5 36. Rxf5 Qb7 37. Ref3 c4 38. Qxd5 Qxd5 39.
Rxd5 cxd3 40. Rdxd3 Rgf8 41. Rd6 {1-0 Domuta,A-Mindras,C/ROM-chJW Singeorz
1993/TD 93\02}) 4. g3 d6 5. Bg2 Nf6 6. O-O a6 (6... Be7 7. d3 O-O 8. f4 Bd7 9.
Kh1 Rc8 10. Be3 e5 11. f5 Nd4 12. h3 b5 13. g4 b4 14. Nd5 Nxd5 15. exd5 Bg5 16.
Bxg5 Qxg5 17. Ng3 Qe7 18. c3 Nb5 19. Qd2 f6 20. cxb4 c4 21. Rfc1 cxd3 22. Qxd3
Nd4 23. Qd2 Rb8 24. Rc7 Nb5 25. Rc4 Nd4 26. Rac1 Rb7 27. Rc7 Rfb8 28. Rxb7 Rxb7
29. Ne2 Nxe2 30. Qxe2 g6 31. Qe4 {Gdanski,J-Adorjan,A/Budapest zt-A 1993/CBM
34/1-0 (52)}) 7. d3 Be7 8. h3 O-O 9. Be3 Bd7 10. g4 b5 11. Ng3 b4 12. Nce2 Ne8
13. f4 Rb8 14. Qd2 a5 15. f5 Ne5 16. g5 Kh8 17. Rf2 Rg8 18. Raf1 Rc8 19. Nh5 g6
$6 (19... f6 $5 20. g6 (20. h4 Ng4 $132 21. g6 Nxf2 22. Rxf2 $13) 20... hxg6
21. fxg6 Nxg6 22. Bh6 $5 Kh7 $5 $13) 20. fxg6 Rxg6 21. h4 $16 h6 22. Nef4 Rg8
23. Nh3 Ng6 24. Nf6 Bxf6 25. gxf6 e5 (25... Nxh4 26. Bxh6 Rg6 27. Qf4 Nxg2 28.
Rxg2 e5 29. Qh4 $18) 26. Bxh6 1-0

[Event "CZE-ch"]
[Site "Turnov"]
[Date "1996.??.??"]
[Round "9"]
[White "Pribyl, Martin"]
[Black "Orsag, Milan"]
[Result "0-1"]
[WhiteElo "2325"]
[BlackElo "2410"]
[Annotator "Bangiev,A"]
[PlyCount "178"]
[EventDate "1996.??.??"]
[EventType "tourn"]
[EventRounds "11"]
[EventCountry "CZE"]
[EventCategory "8"]
[SourceTitle "CBM 054"]
[Source "ChessBase"]
[SourceDate "1996.10.01"]
[SourceVersion "1"]
[SourceVersionDate "1996.10.01"]
[SourceQuality "1"]

1. e4 c5 2. Nc3 e6 3. f4 Nc6 4. Nf3 a6 5. a4 {Ein klarer Plan. Weiß ist
bestrebt, die weißen Felder am Damenflügel zu blockieren und am Königsflügel
aktives Spiel einzuleiten.} Qc7 6. g3 d6 7. Bg2 Nf6 8. O-O Be7 9. d3 O-O 10. h3
Rb8 11. g4 Re8 (11... b5 $5 12. axb5 axb5 13. f5 (13. g5 Nd7 14. Ne2 Bb7 15.
Ng3 Ra8 $132) 13... b4 14. Ne2 $13) 12. f5 (12. g5 Nd7 13. f5 Nde5 {
->Zugumstellung}) 12... Nd7 (12... exf5 $6 {Schwarz darf den Punkt d5 nicht
schwächen.} 13. exf5 b5 14. axb5 axb5 15. g5 $16 {nebst Nd5}) 13. g5 Nde5 14.
Nxe5 Nxe5 15. f6 Bf8 $1 16. Bf4 $5 $36 {Der stark postierte Springer e5 soll
angegriffen und anschließend getauscht werden.} b5 17. axb5 axb5 18. Ne2 $5 {
Weiß beabsichtigt, auf e5 und g7 zu tauschen und das Manöver Ng3-h5 zu
verwirklichen.} (18. Bxe5 dxe5 19. fxg7 Bxg7 20. Qf3 (20. Ne2 c4 $132) 20... c4
$5 $132) 18... Bb7 (18... Ng6 $5 {nebst Bb7}) (18... c4 19. d4 $1) 19. Bxe5 $5
dxe5 20. fxg7 Bxg7 21. Ng3 Kh8 $6 (21... Ra8 $142 22. Rxa8 Rxa8 23. Nh5 Ra2 24.
Nf6+ Kh8 $14) (21... c4 $142 22. Nh5 cxd3 23. Qxd3 Red8 $14) 22. Nh5 $5 {
Weiß steht nun deutlich besser.} Rg8 (22... Ra8 23. Qf3 $16) 23. Qf3 $16 Rbf8
24. h4 (24. Nf6 Bxf6 25. Qxf6+ Rg7 26. h4 $36 Kg8 27. h5 Qd8 28. Ra7 $16 {
[%csl Yf7,Rb7]}) 24... c4 25. Kh1 (25. Nf6 $5) 25... Bc6 26. Bh3 (26. Nf6 $5
Bxf6 27. Qxf6+ Rg7 28. h5 Qd8 29. Ra6 {[%csl Rc6,Re6]} Bd7 30. Rd6 Kg8 31. Bh3
$16) 26... Qe7 (26... f5 27. gxf6 Bxf6 28. Nxf6 Rg6 29. Bxe6 Rgxf6 30. Qxf6+
Rxf6 31. Rxf6 $16) 27. Nf6 Bxf6 28. gxf6 $6 (28. Qxf6+ Qxf6 29. Rxf6 {[%csl
Ye5,Ye6,Rf7]} cxd3 30. cxd3 Rd8 {[%csl Rd3]} 31. Rxf7 Rxd3 32. Bg2 $14) 28...
Qd8 (28... Qc5 $5 $132) 29. Rg1 cxd3 30. cxd3 Be8 {[%csl Yd3]} 31. Raf1 Bd7 32.
h5 h6 33. Kh2 Kh7 34. Rg3 Rxg3 35. Qxg3 Rg8 36. Qxe5 Be8 $5 {[%csl Rd3]} (36...
Rg5 37. Qd6 Rxh5 $132) 37. Rf3 Rg5 38. Qf4 Qd4 39. Rg3 Qxb2+ (39... Rxg3 40.
Kxg3 Qxd3+ $15) 40. Bg2 $6 (40. Rg2 Rxg2+ 41. Bxg2 Qe2 $15) 40... Rxh5+ 41. Kg1
Qd4+ (41... b4 $5) 42. Qf2 Qxf2+ 43. Kxf2 $19 Rg5 44. Rxg5 hxg5 45. e5 Kg6 46.
Be4+ Kh5 47. d4 Kg4 48. Ke3 Kh3 49. d5 g4 50. dxe6 fxe6 51. Bf5 exf5 52. e6 g3
53. f7 Bxf7 54. exf7 g2 55. f8=Q g1=Q+ 56. Ke2 Qg4+ 57. Kd2 b4 58. Qh6+ Kg2 59.
Qc6+ Qe4 60. Qg6+ Kf2 61. Qb6+ Kf3 62. Qa6 Qe3+ 63. Kd1 f4 64. Qb7+ Kf2 65. Qh7
Qd4+ 66. Kc2 Ke3 67. Qh6 Qc3+ 68. Kb1 Qc4 69. Kb2 b3 70. Ka3 Qd5 71. Kb2 Qf7
72. Qg5 Ke4 73. Qg4 Ke5 74. Qe2+ Kf5 75. Qf3 Qg7+ 76. Ka3 Qa7+ 77. Kb4 Qe7+ 78.
Ka5 Qe5+ 79. Ka6 Qf6+ 80. Ka7 b2 81. Qd5+ Kg6 82. Qg2+ Kh7 83. Qc2+ Kg8 84.
Qc8+ Qf8 85. Qc2 f3 86. Ka6 b1=Q 87. Qc4+ Qf7 88. Qc8+ Kg7 89. Qc3+ Qf6+ 0-1

[Event "Helsinki op"]
[Site "Helsinki"]
[Date "1992.??.??"]
[Round "1"]
[White "Lyrberg, Patrik"]
[Black "Sokolov, Andrei"]
[Result "1/2-1/2"]
[WhiteElo "2425"]
[BlackElo "2605"]
[Annotator "Blatny,P"]
[PlyCount "69"]
[EventDate "1992.09.??"]
[EventType "swiss"]
[EventRounds "9"]
[EventCountry "FIN"]
[SourceTitle "CBM 032"]
[Source "ChessBase"]
[SourceDate "1993.02.01"]
[SourceVersion "1"]
[SourceVersionDate "1993.02.01"]
[SourceQuality "1"]

1. e4 c5 2. Nc3 Nc6 3. g3 g6 4. Bg2 Bg7 5. d3 h5 6. f4 (6. h4 {/\Be3,Qd2}) 6...
b6 7. Nf3 Bb7 8. O-O Nd4 9. Be3 d6 10. f5 (10. Rb1 {/\Ne2,c3}) (10. Bxd4 cxd4
11. Ne2 e5 12. c3 $13) 10... gxf5 11. Nh4 (11. exf5 Nxf5 12. Ng5 (12. Bg5 $5)
12... Nxe3 (12... Bxg2 13. Rxf5 Nh6 14. Qxh5 $40) 13. Bxb7 Nxd1 (13... Nxf1 14.
Qf3 Nf6 (14... Rb8 15. Bc6+ Kf8 16. Qxf7#) 15. Bc6+ Kf8 16. Bxa8 Nd2 17. Qg2
Ng4 $13) 14. Bc6+ Qd7 (14... Kf8 15. Rxf7#) 15. Bxd7+ Kxd7 16. Raxd1 f6 $17)
11... fxe4 12. Nxe4 d5 (12... Qd7 13. c3 Nc6 14. Nf5 Bf8 $16 (14... Be5 15. d4
cxd4 16. cxd4 Bf6 17. Nfxd6+ $40)) 13. Ng5 Bf6 (13... Nf6 14. Bxd4 cxd4 15. Nf5
Bh6 16. Nxh6 Rxh6 17. Nf3 {קd4,<->e,f}) (13... f6 14. Bxd4 {/\Ne6 +-}) 14. c3
Nc6 15. Bf3 Ne5 (15... e6 16. Bxh5 Bxg5 17. Bxf7+ Kd7 18. Bxe6+ $13) 16. Bg2 (
16. Bxh5 Nh6 $132) 16... e6 17. Bf4 Bxg5 (17... Nc6 $5) 18. Bxe5 f6 19. Ng6 Rh6
20. Bf4 Bxf4 (20... Rxg6 21. Qxh5 Ne7 22. Bxg5 fxg5 23. Rf6 Kd7 24. Rxg6 Nxg6
25. Qxg6 Qg8 26. Qxg8 Rxg8 27. Rf1 Ke7 $10) 21. Nxf4 f5 22. c4 (22. Nxh5 Qd7 {
/\Qh7,0-0-0}) 22... Ne7 23. Re1 Qd6 24. Qc2 Kd7 25. d4 h4 (25... cxd4 26. cxd5
Nxd5 (26... Bxd5 27. Bxd5 Nxd5 28. Qa4+ {/\Qd4}) 27. Qa4+ Bc6 28. Qxd4 $40) 26.
dxc5 Qxc5+ 27. Qf2 hxg3 28. hxg3 Qxf2+ 29. Kxf2 Rc8 30. b3 Rc5 31. Rad1 Ra5 32.
a4 Bc6 33. Nd3 Kc7 34. Nf4 Kd7 35. Nd3 1/2-1/2

[Event "Brno-B"]
[Site "Brno"]
[Date "1993.??.??"]
[Round "4"]
[White "Augustin, Josef"]
[Black "Bezold, Michael"]
[Result "0-1"]
[WhiteElo "2410"]
[BlackElo "2490"]
[Annotator "Blatny,P"]
[PlyCount "90"]
[EventDate "1993.08.??"]
[EventType "tourn"]
[EventRounds "9"]
[EventCountry "CZE"]
[EventCategory "9"]
[SourceTitle "CBM 038"]
[Source "ChessBase"]
[SourceDate "1994.02.01"]
[SourceVersion "1"]
[SourceVersionDate "1994.02.01"]
[SourceQuality "1"]

1. e4 c5 2. Nc3 e6 3. f4 Nc6 4. Nf3 d6 5. g3 Nf6 6. Bg2 Be7 7. O-O O-O 8. d3
Rb8 9. h3 b5 10. g4 Re8 $5 (10... b4 11. Ne2 d5 12. g5 Ne8 13. e5 $1 $14 {
Ioseliani,N-Tsiganova,M/Manila olw/1992/}) (10... h6 11. Ne2 Nh7 12. Be3 f5 13.
Ng3 Bf6 14. Qc1 Nd4 $132 {Popchev,M-David,P/Hradec Kralove/1988/}) 11. Ne2 Nd7
12. Ng3 Qc7 13. g5 Bf8 14. h4 g6 15. h5 b4 16. Bh3 Bg7 17. Kg2 (17. f5 exf5 18.
exf5 Nde5 19. Nxe5 Bxe5 $36) 17... Nd4 18. Nh2 c4 $1 19. Rf2 (19. dxc4 Qxc4 20.
Rf2 Bb7 $40) 19... cxd3 20. cxd3 Nc5 21. Kh1 $6 (21. h6 Bh8 22. Be3 b3 (22...
Ba6 $5) 23. axb3 Ncxb3 (23... Rxb3 24. Ra3 $10) 24. Ra3 $13) 21... b3 22. a3
Ba6 $1 23. Bf1 d5 24. e5 (24. exd5 exd5 25. Nf3 Nc2 26. Rb1 d4 {/\Ne3-/+})
24... Nf5 25. Kg2 (25. Nxf5 $142 exf5 26. Be3 Ne6 $15) 25... d4 26. Ng4 Red8
27. Kh2 Ne3 $1 28. Nxe3 dxe3 29. Bxe3 Nxd3 30. Rd2 Nxb2 $1 31. Rxd8+ Rxd8 32.
Qxb3 Rb8 33. Qa2 Bxf1 34. Rxf1 (34. Nxf1 $142 $17) 34... Qc3 $1 35. Bxa7 Rb3
36. Bf2 $8 gxh5 37. Rc1 $1 Qf3 $1 38. Qxb3 $4 $138 (38. Rf1 h4 39. Nh1 (39. Nh5
h3 $19) 39... Qxf4+ 40. Kg1 Bxe5 $19) (38. Rc8+ Bf8 39. Ne4 $8 Kg7 $1 40. Bg3
Bxa3 41. Rc7 h4 $1 42. Bxh4 Nd1 43. Rc2 Re3 44. Ng3 Qg4 $19) 38... Qxb3 $19 39.
Rc8+ Bf8 40. Nxh5 Nd3 41. f5 exf5 (41... Nxf2 $4 42. Nf6+ Kg7 43. Nh5+ $10) 42.
Bd4 Qa2+ 43. Kg1 Qd2 44. e6 Qxg5+ 45. Kf1 Qxh5 0-1

[Event "Helsinki op"]
[Site "Helsinki"]
[Date "1992.??.??"]
[Round "4"]
[White "Murey, Jacob"]
[Black "Ye, Jiangchuan"]
[Result "0-1"]
[WhiteElo "2500"]
[BlackElo "2545"]
[Annotator "Blatny,P"]
[PlyCount "58"]
[EventDate "1992.09.??"]
[EventType "swiss"]
[EventRounds "9"]
[EventCountry "FIN"]
[SourceTitle "CBM 032"]
[Source "ChessBase"]
[SourceDate "1993.02.01"]
[SourceVersion "1"]
[SourceVersionDate "1993.02.01"]
[SourceQuality "1"]

1. e4 c5 2. Nc3 Nc6 3. g3 g6 4. Bg2 Bg7 5. Nge2 Rb8 {/\6.d3 b5 |^} 6. O-O (6.
d4 $5) 6... b5 7. f4 b4 (7... e6 8. Qe1 b4 9. Nd1 $13) 8. Nd5 e6 9. Ne3 f5 (
9... Nge7 10. f5 $40 {קf7}) 10. d3 Nge7 11. a3 $5 d5 {[+]} 12. axb4 (12. e5 a5
$15 {()}) 12... Rxb4 (12... cxb4 13. exd5 exd5 14. c4 $5 $13) (12... Nxb4 13.
Rxa7 $16) 13. exd5 exd5 14. Ra2 {/\15.b3 16.Ba3 /^a3-f8} O-O (14... Be6 $5 {
קd5}) 15. b3 Rb8 16. Ba3 Nb4 (16... Qb6 17. Nxd5 $16) 17. Bxb4 cxb4 18. Rxa7
Qb6 (18... Bb7 19. Qd2 Qb6 20. Ra4 Bc6 $44) 19. Rxe7 Bf6 20. Bxd5+ Kh8 21.
Rxh7+ Kxh7 22. Qd2 $2 (22. d4 Re8 (22... Rd8 $5) 23. Nc4 $16) 22... Re8 23. Rf3
$2 (23. d4 Ba6 24. Bc4 (24. Nc4 Rxe2 $1 $19) 24... Bb7 $44) 23... Qd6 24. Bc4
Bb7 25. Rf2 Bd4 26. Nxd4 Qxd4 27. Ng2 (27. Nf1 Bc6 {/\Ra8-a1,Ree1 -+}) 27...
Ra8 $19 28. h4 Ra1+ 29. Kh2 Rd1 $1 (29... Rd1 30. Qxd1 Qxf2 31. Qg1 Re2) 0-1

[Event "Bugojno"]
[Site "Bugojno"]
[Date "1978.02.26"]
[Round "1"]
[White "Spassky, Boris Vasilievich"]
[Black "Ljubojevic, Ljubomir"]
[Result "0-1"]
[WhiteElo "2630"]
[BlackElo "2605"]
[Annotator "ChessBase"]
[PlyCount "78"]
[EventDate "1978.02.27"]
[EventType "tourn"]
[EventRounds "15"]
[EventCountry "YUG"]
[EventCategory "14"]
[SourceTitle "MCL"]
[Source "ChessBase"]
[SourceDate "1999.07.01"]
[SourceVersion "1"]
[SourceVersionDate "1999.07.01"]
[SourceQuality "1"]

1. e4 c5 2. Nc3 Nc6 3. g3 Rb8 4. f4 g6 5. Nf3 Bg7 6. Bg2 b5 (6... d6 7. d3 b5
8. O-O b4 (8... Nf6 9. e5 $1 $16 {Wade-Byrne,R, Hastings 1971/2}) 9. Nd5 e6 10.
Ne3 Nge7 11. a3 a5 12. axb4 axb4 13. f5 $16 {Kopilov-Belov, USSR 1963}) 7. a3
Qa5 8. O-O b4 9. Ne2 (9. Nd5 e6 10. Ne3) 9... c4 $1 10. d4 $2 (10. Kh1 Qb6 11.
axb4 Qxb4 12. Nc3) 10... cxd3 11. cxd3 Qb6+ 12. Kh1 bxa3 13. Rxa3 Bxb2 14. Bxb2
Qxb2 15. Qa1 (15. Ra1 $5) 15... Nf6 16. Ned4 Nxd4 17. Nxd4 a6 18. Rc1 O-O 19.
Qxb2 (19. Bf3 $5 {/\20.e5}) 19... Rxb2 20. Rb3 Rxb3 21. Nxb3 Bb7 22. Rc7 (22.
Na5 Rc8) (22. Nc5 Rc8) 22... Rb8 23. Nc5 (23. e5 $1 Bxg2+ 24. Kxg2 Ng4 $5)
23... Bc6 24. h3 a5 25. g4 (25. e5 Rb1+ 26. Kh2 Nd5) 25... Ne8 $1 26. Ra7 d6
27. Nd7 Rb7 $1 28. Rxb7 Bxb7 29. Nb6 Ba6 30. d4 Nc7 $1 31. d5 Bb5 32. Bf3 a4
33. Bd1 a3 34. Bb3 Na6 35. e5 Nb4 36. Nc8 Ba4 37. Bc4 dxe5 38. fxe5 Kf8 39. Nb6
Bb5 0-1

[Event "RUS-ch 54th"]
[Site "Elista"]
[Date "2001.05.06"]
[Round "6"]
[White "Bachin, Vitaly"]
[Black "Shovunov, Baatr"]
[Result "1-0"]
[WhiteElo "2426"]
[BlackElo "2367"]
[Annotator "Donev,I"]
[PlyCount "42"]
[EventDate "2001.04.29"]
[EventType "swiss"]
[EventRounds "9"]
[EventCountry "RUS"]
[SourceTitle "CBM 083"]
[Source "ChessBase"]
[SourceDate "2001.07.05"]
[SourceVersion "1"]
[SourceVersionDate "2001.07.05"]
[SourceQuality "1"]

1. e4 c5 2. Nc3 Nc6 3. g3 g6 4. Bg2 Bg7 5. d3 e6 {Schwarz versucht den Zug
d7-d6 zu sparen, um später den Zug d7-d5 ohne Tempoverlust durchzuführen.} 6.
Be3 {[%cal Ye3c5] Natürlich unternimmt Weiß Maßnahmen gegen diesen Plan und
jetzt ist der Bauer c5 mit Tempo angegriffen. Der Zug d7-d6 führt zur
Hauptvariante (B25 oder B26. Die anderen Alternativen sind 6... b6 (wie in
dieser Partie) oder 6...Nd4, wie in meiner Partie in der österreichische
Staatsliga B gegen den bekannten deutschen Großmeister:} b6 (6... Nd4 7. Nce2
d6 8. c3 Nxe2 9. Nxe2 Nf6 10. O-O O-O 11. Qd2 (11. Qc1 $5) 11... Ng4 12. Bg5 f6
13. Bf4 e5 14. Be3 Be6 15. Bh3 Kh8 16. Bxg4 Bxg4 17. f3 Be6 18. c4 f5 19. Bh6
Rf7 20. Bxg7+ Kxg7 21. Rf2 fxe4 22. fxe4 Rxf2 23. Kxf2 Qf6+ 24. Kg2 Rf8 25. Qe3
h5 26. h3 g5 27. Nc3 Kg6 28. Re1 a6 29. Qe2 Qf7 30. Nd1 Qd7 31. Rh1 b5 32. Ne3
Qb7 33. Rf1 Rxf1 34. Qxf1 bxc4 35. Nxc4 g4 36. hxg4 hxg4 37. b3 Qb8 38. Ne3 Qb4
39. Qe2 Kg5 40. Nc4 Qb8 {1/2-1/2 Donev,I-Schmittdiel,E/Austria-SLBW-Absam 2000/
}) 7. Qd2 Nge7 8. Bh6 {Die Idee den schwarzfarbigen Läufer abzutauschen finde
ich gut. So wird der starke Bg7 entfernt und die schwarzen Felder am
Königsflügel geschwächt.} O-O 9. h4 f6 10. O-O-O e5 11. Bxg7 Kxg7 12. f4 h6 13.
f5 Nd4 $6 (13... gxf5 $5) 14. g4 $14 g5 15. Nf3 Nxf3 16. Bxf3 Bb7 17. Rh3 Bc6
$2 {[%mdl 128] Nach diesem Fehler beherrscht der Anziehende die h-Linie
endgültig, und der schwarze König gerät in große Gefahr. Die folgenden weißen
Züge sind logisch und einfach. Also, der weiße Angriff gegen den schwarzen
Monarchen ist unwiderstehlich.} (17... Rh8 $142 $16 {Um die h-Linie nicht
aufzugeben.}) 18. hxg5 $18 hxg5 19. Rdh1 Rf7 20. Qh2 Ng8 21. Rh8 {Die Drohung
Rg8 nebst matt ist nicht mehr zu parieren.} d6 1-0

[Event "FIDE World Cup-A"]
[Site "Hyderabad"]
[Date "2002.10.11"]
[Round "2"]
[White "Iuldachev, Saidali"]
[Black "Malakhov, Vladimir"]
[Result "0-1"]
[WhiteElo "2511"]
[BlackElo "2670"]
[Annotator "Donev,I"]
[PlyCount "106"]
[EventDate "2002.10.05"]
[EventType "tourn"]
[EventRounds "5"]
[EventCountry "IND"]
[EventCategory "16"]
[SourceTitle "CBM 092"]
[Source "ChessBase"]
[SourceDate "2003.02.06"]
[SourceVersion "1"]
[SourceVersionDate "2003.02.06"]
[SourceQuality "1"]

1. e4 c5 2. Nc3 e6 3. g3 Nc6 4. Bg2 g6 5. d3 Bg7 6. Be3 Nd4 7. Nce2 {Das ist
die kritische Eröffnungsstellung. Der Anziehende strebt danch, den starkenNd4
so schnell wie möglich zu vertreiben. Schwarz verfügt über mehrere
Fortzetzungen.} Ne7 {Hier zwei unbekannte Beispiele aus meiner Praxis:} ({
Dies ist ein lehrreiches Beispiel, warum der b2-Bauer vergiftet ist:} 7... Nxe2
8. Nxe2 Bxb2 9. Rb1 Qa5+ 10. Bd2 Qxa2 11. Rxb2 Qxb2 12. Bc3 Qa3 13. Bxh8 f6 14.
e5 Qa5+ 15. c3 Kf7 16. Bxf6 Nxf6 17. exf6 Rb8 18. O-O b5 19. Qc1 Qd8 20. Qh6
Qg8 21. Ra1 a6 22. Qf4 Bb7 23. Qd6 {1-0 Donev,I-Novkovic,J/Partenen op 1998 
(23).}) ({Vermutlich die beste Fortsetzung hat der deutsche Großmeister bei
der Österreichischen Staatsliga B gegen mich gewählt:} 7... d6 8. c3 Nxe2 9.
Nxe2 Nf6 10. O-O O-O 11. Qd2 (11. Qc1) 11... Ng4 12. Bg5 f6 13. Bf4 e5 14. Be3
Be6 (14... Nxe3 15. fxe3 Be6 16. c4) 15. Bh3 Kh8 16. Bxg4 Bxg4 17. f3 Be6 18.
c4 f5 19. Bh6 Rf7 20. Bxg7+ Kxg7 21. Rf2 (21. Nc3 f4) 21... fxe4 22. fxe4 Rxf2
23. Kxf2 Qf6+ (23... Bh3 24. Kg1 (24. Ke1 Qf6 25. Kd1 Qf2 26. Nc3 Qf1+ $19)
24... Qf6 25. Nc3 Rf8 26. Qe2 h5 $15 {/\h4} (26... Qf3 27. Qxf3 Rxf3 28. Rd1 h5
)) 24. Kg2 Rf8 25. Qe3 h5 26. h3 (26. h4 Bg4 27. Nc3 Qf3+ 28. Qxf3 Rxf3 29. Rd1
) 26... g5 (26... h4 27. g4 a6 28. Ng1 {/\Nf3}) 27. Nc3 Kg6 28. Re1 a6 29. Qe2
Qf7 30. Nd1 Qd7 (30... b5 31. Ne3) 31. Rh1 b5 32. Ne3 Qb7 33. Rf1 Rxf1 34. Qxf1
(34. Nxf1 Qd7 35. h4 Bh3+ 36. Kh2 Bxf1 37. Qxf1 gxh4 38. gxh4 Qg4 39. Qg2)
34... bxc4 35. Nxc4 g4 36. hxg4 hxg4 37. b3 (37. Qf8 Bxc4 38. Qf5+ Kh6 39. dxc4
Qxb2+ 40. Qf2 Qxf2+ 41. Kxf2 Kg6 42. a4 Kf6 43. a5 $11) 37... Qb8 38. Ne3 Qb4
39. Qe2 Kg5 40. Nc4 Qb8 {1/2-1/2 Donev,I-Schmittdiel,E/Aut-ch T2 W-Absam 2000/
[Donev,I] (40).}) 8. c3 Nxe2 9. Nxe2 b6 {Zum einen wird so der Bauer c5
gedeckt; und gleichzeitig wird die Entwicklung des Bc8 vorbereitet. Die andere
Möglichkeit wäre der Standardzug d6, den der schweizerische IM Kaenel gegen
mich angewendet hat:} (9... d6 10. O-O O-O 11. d4 Qc7 12. Qd2 Rb8 13. Rfd1 (13.
dxc5 dxc5 14. Rfd1 $14) 13... b6 14. Bh6 Ba6 15. Bxg7 Kxg7 16. Nf4 Kg8 17. Qe3
(17. dxc5 dxc5 18. Qd7 Qxd7 19. Rxd7 Nc6 20. Rad1 Rbd8 $14) 17... Rbd8 18. Rd2
e5 19. dxe5 dxe5 20. Nd5 Nxd5 21. exd5 Qd6 22. Re1 Rfe8 23. Qe4 Bb5 24. c4 f5
25. Qh4 Bd7 26. Qh6 {1/2-1/2 Donev,I-Kaenel Hansjuerg /Pfäffikon op 1996 (26).}
) 10. Qd2 ({RR} 10. d4 cxd4 11. Bxd4 e5 12. Be3 Bb7 13. c4 Nf5 14. Qd2 Rc8 15.
b3 Nxe3 16. Qxe3 f5 17. Rd1 O-O 18. O-O f4 19. Qd3 Rf7 20. Bh3 Qg5 21. Qf3 Bc6
22. Qg4 Qe7 23. Nc3 Rcf8 24. Nd5 Qc5 {Birmingham,E-Yudasin,L/New York 1991/CBM
23/1/2-1/2 (67)}) 10... Ba6 11. Rd1 {/\Bh6} (11. Bh6 Bxh6 12. Qxh6 Bxd3 13. Nf4
Bc4 14. b3 Ba6 15. O-O-O $44) 11... h5 $146 {Die Idee dieses aggressiven Zuges
besteht darin, den Abtausch des schwarzfarbigen Läufers (Bh6) zu vermeiden.
Außerdem droht in enigen Varianten auch h5-h4.} (11... O-O 12. Bh6 Rc8 13. Bxg7
Kxg7 14. h4 h5 15. O-O d5 16. e5 Nf5 17. Nf4 d4 18. c4 Qd7 19. Rfe1 Bb7 20.
Bxb7 Qxb7 21. Re4 Qe7 22. Qe2 Rh8 23. Nh3 a6 24. Ng5 b5 25. b3 bxc4 26. bxc4 {
Marechal,A-Billaux,E/Tihan 1998/EXT 2001/1/2-1/2 (52)}) 12. h4 Rc8 13. O-O {
Mit diesem Schablonenzug verpasst der Anziehende die Chance eine bessere
Stellung zu bekommen:} (13. d4 $1 cxd4 (13... d5 14. dxc5 bxc5 15. exd5 Nxd5
16. Nf4 $1 {mit starker Initiative.}) 14. Bxd4 e5 15. Be3 $14) 13... d5 14.
exd5 (14. Bg5 dxe4 15. dxe4 Qxd2 16. Rxd2 Nc6 $11) 14... Nxd5 15. Bg5 Qd7 16.
Rfe1 Bb7 17. d4 c4 18. Nf4 Nxf4 19. Bxf4 (19. Qxf4 Bxg2 20. Bf6 $1 (20. Kxg2 $2
f6 21. Bxf6 Rf8 $19) 20... Bb7 21. Bxg7 Qd5 22. Kf1 Rg8 23. Bf6 $11) 19... Bxg2
20. Kxg2 Qd5+ 21. Kg1 (21. f3 $142 O-O 22. Qe2 (22. Be5) 22... Rfd8 23. Be5 $11
) 21... Rc6 22. Qe3 f6 23. Qe4 Kf7 24. Qxd5 exd5 25. Re2 Re8 26. Rde1 Rxe2 27.
Rxe2 Re6 28. Kf1 Rxe2 29. Kxe2 {[%mdl 4096] Wegen seines besseren Läufers und
der Bauernstruktur hat der Nachziehende einen kleinen aber dauerhaften Vorteil.
Es ist sehr lehrreich, wie der russische Großmeister Malakhov seinen kleinen
Vorteil in einen ganzen Punkt umwandelt.} Ke6 {Zuerst wird der König auf f5
aktiviert, um der Vorstoss g6-g5 vorzubereiten.} 30. f3 Kf5 31. Kf2 b5 32. Kg2
g5 33. hxg5 fxg5 $17 {Jetzt ist der schwarze Vorteil noch größer geworden. Er
hat mehr Raum, und potenziell einen entfernten h-Freibauern.} 34. Be3 Bf8 35.
Bd2 Be7 36. Kf2 g4 37. Ke2 Bf6 38. Be3 Ke6 39. Kf2 Kd7 40. Ke2 Kc6 41. Kf2 b4
42. cxb4 Kb5 43. fxg4 hxg4 44. Ke2 Kxb4 45. Bd2+ Kb5 46. Ke3 a5 47. Bc3 Bg5+
48. Ke2 a4 49. a3 Kc6 {[%cal Yc6e6,Ye6f5,Yf5e4] Jetzt geht der schwarze König
nach e4 und der schwache d4-Bauer geht bald verloren.} 50. Bd2 Be7 51. Bf4 c3
$1 {Der entscheidende Durchbruch.Jetzt ist Weiß verloren.} 52. Bc1 (52. bxc3
Bxa3 53. Kd3 Bd6 $19) 52... cxb2 53. Bxb2 Bd6 {Der Triumpf des schwarzen Plans.
Nach 54.Kf2 folgt Kb5 nebst Eindringen in das weiße Lager. Es ist merkwürdig,
dass in der Schlussstellung alle weißen Bauern auf schwarzen Felder stehen, wo
sie eine leichte Beute für den schwarzen Läufer werden.} 0-1